The newly industrialising countries of Asia : development and change /

Bibliographic Details
Main Author: Tan, Gerald
Format: Book
Language:English
Published: Singapore : Times Academic Press, 2001.
Edition:3rd ed.
Subjects:

MARC

Tag First Indicator Second Indicator Subfields
LEADER 00000cam a2200000 a 4500
001 in00001664073
005 20151024121809.0
008 011221s2001 si a b 000 0 eng d
020 |a 9812101624 (pbk.) 
035 |a (OCoLC)ocm48659662 
040 |a EYM  |c EYM  |d TXA  |d UtOrBLW 
049 |a TXAM 
090 |a HC412  |b .T36 2001 
100 1 |a Tan, Gerald. 
245 1 4 |a The newly industrialising countries of Asia :  |b development and change /  |c Gerald Tan. 
250 |a 3rd ed. 
264 1 |a Singapore :  |b Times Academic Press,  |c 2001. 
300 |a xiv, 409 pages :  |b illustrations ;  |c 23 cm. 
336 |a text  |b txt  |2 rdacontent 
337 |a unmediated  |b n  |2 rdamedia 
338 |a volume  |b nc  |2 rdacarrier 
504 |a Includes bibliographical references and indexes. 
651 0 |a Asia  |x Economic conditions. 
651 0 |a Asia  |x Commercial policy. 
650 0 |a Industries  |z Asia. 
650 0 |a International economic relations. 
948 |a cataloged  |b h  |c 2002/3/12  |d c  |e dmitchel  |f 12:24:20 pm 
994 |a E0  |b TXA 
999 |a MARS 
999 f f |s d1702474-3897-3aaf-90e9-ac6f8f9669a2  |i e3c6ba54-c095-3b70-bcbf-be08280bca05  |t 0